La parola mancante - Titoli di canzoni italiane #1 - Statistics

Statistiche generali
  • Questo quiz è stato fatto 676 volte
  • Il punteggio medio è 14 su 20
Statistiche sulle risposte
Cantante Soluzione % Corretto
Rino Gaetano Ma il cielo è {SEMPRE} più blu
99%
Antonello Venditti Notte prima degli {ESAMI}
97%
Fiorella Mannoia Quello che le {DONNE} non dicono
95%
Måneskin {ZITTI} e buoni
95%
Gino Paoli Il {CIELO} in una stanza
93%
Lucio Battisti Il mio {CANTO} libero
91%
Riccardo Cocciante Bella senz'{ANIMA}
86%
Nek {LAURA} non c'è
83%
Francesco De Gregori La donna {CANNONE}
82%
Mia Martini Almeno tu nell'{UNIVERSO}
81%
Fabrizio De André La guerra di {PIERO}
81%
Gigliola Cinquetti Non ho l'{ETÀ}
77%
Roberto Vecchioni {LUCI} a San Siro
65%
Giorgia Come {SAPREI}
50%
Carmen Consoli L'ultimo {BACIO}
48%
Zucchero {SENZA} una donna
41%
Fabio Concato Fiore di {MAGGIO}
39%
Fausto Leali & Anna Oxa Ti {LASCERÒ}
35%
Vasco Rossi Dannate {NUVOLE}
15%
Ivano Fossati La {COSTRUZIONE} di un amore
8%
Nessun quiz corrispondente trovato
Distribuzione punteggi
Percentuale di utenti per punteggio
Percentile per numero di risposta
I tuoi punteggi nel tempo
Non hai fatto questo quiz